000 00254nam a2200109Ia 4500
008 190216s9999||||xx |||||||||||||| ||und||
100 _aChawla K L
245 0 _aProblems In Advanced Accounts
260 _bS Chand & Co
_c1978
300 _a61p
942 _cBK
999 _c3850
_d3850